| Поле | Инд. | ПП | Название | Значение |
|---|---|---|---|---|
| Тип записи | a | |||
| Библиографический уровень | b | |||
| 001 | Контрольный номер | RU/IS/BASE/257354075 | ||
| 005 | Дата корректировки | 20200630193125.6 | ||
| 008 | Кодируемые данные | 20080226 | ||
| 040 | b | Код языка каталог. | rus | |
| e | Правила каталог. | PSBO | ||
| 041 | 0_ | a | Код языка текста | rus |
| 084 | a | Индекс другой классификации/Индекс ББК | 63.1(2)64; 63.3(4Фра) | |
| 100 | 1_ | a | Автор | Гладышев А. В. |
| q | Полное имя | Гладышев Андрей Владимирович | ||
| 245 | 10 | a | Заглавие | Французская революция: взгляд из XXI века |
| 504 | a | Библиография | Лит. в конце статьи | |
| 520 | a | Аннотация | "Разрушение историографических мифов Французской революции рассмотрено на примере монографии А. В. Чудинова "Французская революция: история и мифы"." | |
| 600 | a | Персоналии | Чудинов А. В. | |
| a | Персоналии | Лукин Н. М. | ||
| 650 | a | Основная рубрика | историография (история исторической науки) | |
| a | Основная рубрика | исторические науки | ||
| a | Основная рубрика | история | ||
| 653 | 1_ | a | Ключевые слова | "Французская революция: история и мифы" |
| a | Ключевые слова | XVIII век | ||
| a | Ключевые слова | XXI век | ||
| a | Ключевые слова | Великая французская революция 1789-1799 | ||
| a | Ключевые слова | внешняя политика | ||
| a | Ключевые слова | внутренняя политика | ||
| a | Ключевые слова | Россия | ||
| a | Ключевые слова | Франция | ||
| 773 | 0_ | t | Заглавие источника | Вопросы истории |
| d | Дата издания источника | 2007 | ||
| g | Прочая информация | № 10. - С. 66 - 73 | ||
| w | Контрольный № источника | RU/IS/BASE/254497878 | ||
| 901 | t | Тип документа | b |